000 01366nam2a22002891 4500
001 RU\NLR\INFOCOMM29\5000077817
005 20250806204737.0
035 _a(NLR Aleph) 002415341
090 _a67610
_c67610
100 _a20050120d1943 u y0rusy50 ca
101 0 _arus
102 _aRU
105 _ay ||||000|y
200 1 _aСорта и качество авиационных топлив, применяемых в СССР и США
_fД.Я. Коломацкий
210 _d1943
423 0 _12001#$aПрименение импортных и советских масел на авиамоторах$fД.Я. Коломацкий, Л.В. Жирнова
_1700#1$aКоломацкий$bД.Я.
_1701#1$aЖирнова$bЛ.В.
461 0 _1001RU\NLR\INFOCOMM29\5000077537
_12001#$aТруды Центрального научно-исследовательского института авиационного моторостроения$fСССР НКТП. Глаавиапром. Глав. упр. авиац. пром-сти$v№56
700 1 _aКоломацкий
_bД.Я.
_4070
801 1 _aRU
_bInfoComm
_c20050120
801 0 _aRU
_bNLR
_gPSBO
852 _aNLR
_bТ92
_jГ-5/10
942 _cISSUE
945 _aРоссийская национальная библиотека
980 _aNB
980 _aBV
980 _aRUSPER